000 00954nam0a22002771 4500
001 RU\INGAK2\INFOCOMM_322\NLR\5000129408
005 20250625202458.0
035 _a(NLR Aleph) 011028655
090 _a11099907
_c11099907
100 _a20130109f19301939|||y0rusy50 ca
101 0 _ager
102 _aRU
105 _ay z||||
200 1 _aPantocrine
_eEine Sammlung von Abhandlungen
_fRed. Prof. S. M. Pavlenko ...
_gZentralvereinigung Lektechsyrio
210 _aMoskau
_aund Leningrad
_cWneschtorgisdat
_d[193?]
215 _a96 с.
_cил., табл., диагр.
_d21 см
320 _aБиблиография в конце отдельных статей
606 0 _aПантокрин
_91785807
_3RU\NLR\AUTH\66803160
620 _aМосква
702 1 _aPavlenko
_bS. M.
_4340
710 0 2 _a"Lektechsyrio", v/o
_4070
801 1 _aRU
_bInfoComm
_c20130109
801 0 _aRU
_bNLR
_gPSBO
852 _aNLR
_jD3/247
_y2 экз.
942 _cBOOK
980 _aNB